• 首页
  • 本馆介绍
  • 公告通知
  • 最新文献
  • 馆藏检索
  • 电子资源
  • 读者导购
  • 参考咨询
  • 我的图书馆
  • 登录
  • 详细信息显示
  • 放入我的书架
  • 预约/预借图书
  • 作者相关作品
  • 分类相关作品
  • 丛书相关作品
  • 出版社相关作品

书目信息

  • 表格格式
  • 工作单格式
  • 卡片格式
题名:
高素质合唱指挥的培养
    
 
作者: 黄智敏 著
分册:  
出版信息: 成都   电子科技大学出版社  2021.1
页数: 260页
开本: 24cm
丛书名:
单 册:
中图分类: J615.1
科图分类:
主题词: 合唱--指挥法--教学研究
电子资源:
ISBN: 978-7-5647-3449-7
000 01021nam0 2200265 45
001 489764
005 20140818144302.0
010    @a978-7-5647-3449-7@dCNY59.00
099    @aCAL 012018033539
100    @a20180330d2017 em y0chiy0110 ea
101 0  @achi
102    @aCN@b510000
105    @ay a 000yy
106    @ar
200 1  @a高素质合唱指挥的培养@Agao su zhi he chang zhi hui de pei yang@e反思法在合唱指挥教学的应用@f黄智敏著
210    @a成都@c电子科技大学出版社@d2021.1
215    @a260页@d24cm
320    @a有书目 (第260页)
330    @a本书探讨了指挥法内涵、指挥法和合唱艺术之间的关系,以及当前合唱界对指挥法忽视的现状及原因;说明反思法在合唱指挥教学中的引入,通过教师立足于自我之外考察自己的教育教学过程,提高自我察觉水平来促进专业能力的发展,是研究和探索合唱指挥教学的一条新的途径。
517 1  @a反思法在合唱指挥教学的应用
606 0  @a合唱@x指挥法@x教学研究
690    @aJ615.1@v5
701  0 @a黄智敏@Ahuang zhi min@4著
801    @aCN@b江苏凤凰@c20211018
905    @b1356286-9@dJ615.1@e1400@f4
    
    高素质合唱指挥的培养:反思法在合唱指挥教学的应用/黄智敏著.-成都:电子科技大学出版社,2021.1
    260页;24cm
    
    
    ISBN 978-7-5647-3449-7:CNY59.00
    本书探讨了指挥法内涵、指挥法和合唱艺术之间的关系,以及当前合唱界对指挥法忽视的现状及原因;说明反思法在合唱指挥教学中的引入,通过教师立足于自我之外考察自己的教育教学过程,提高自我察觉水平来促进专业能力的发展,是研究和探索合唱指挥教学的一条新的途径。
●
相关链接 在E读中查询图书 在五车中查询图书 在当当中查询图书 在豆瓣中查询图书


正题名:高素质合唱指挥的培养     索取号:J615.1/1400         预约/预借

序号 登录号 条形码 馆藏地/架位号 状态 备注
1 1356286   213562866   第一样本阅览室/ [索取号:J615.1/1400] 在馆    
2 1356287   213562875   第一借阅区/ [索取号:J615.1/1400] 在馆    
3 1356288   213562884   第一借阅区/ [索取号:J615.1/1400] 在馆    
4 1356289   213562893   第一借阅区/ [索取号:J615.1/1400] 在馆    
唐山师范学院图书馆 欢迎您!
大连网信软件有限公司© 版权所有